00513nam a2200205 a 4500001001300000003000900013005001700022008004100039020001000080082001800090100001800108245001300126260004800139300000800187500003500195505001000230650001400240650003500254700001800289nice12345678IN_TiNIC20260116012603.0050524s1924 laha grp 000 0 urd  ac10000a297.2409bBAK aBakhsh, J Ali aKhilafat aLahorebPunjab Religious Booksociety c1924 a22p aincludes index and biblioraphy2 aIndex aCaliphate aPolemics-Christianity Vs islam1 aBakhsh, J Ali